[Event "UGA-chT 2324"]
[White "Egesa, Emmanuel"]
[Black "Kitimbo, Frank"]
[Site "Kampala"]
[Round "3.2"]
[Result "1-0"]
[Date "2023.08.13"]
[WhiteElo "2044"]
[BlackElo "1638"]
[PlyCount "36"]
[EventDate "2023.07.16"]
[EventType "team-swiss"]
[EventRounds "14"]
[EventCountry "UGA"]
[SourceTitle "EXT 2025"]
[Source "ChessBase"]
[SourceDate "2024.10.14"]
[SourceVersion "1"]
[SourceVersionDate "2024.10.14"]
[SourceQuality "1"]
[WhiteTeam "Kireka CC"]
[BlackTeam "Butikiro CC Legends"]
[WhiteTeamCountry "UGA"]
[BlackTeamCountry "UGA"]

1. d4 e6 2. c4 d5 3. Nc3 f5 4. Bf4 c6 5. e3 Nf6 6. Bd3 Bd6 7. Nf3 0-0 8. 0-0 Ne4 9. Ne5 g6 10. Bxe4 dxe4 11. Bg3 f4 12. exf4 g5 13. h3 gxf4 14. Qg4+ Kh8 15. Bxf4 Be7 16. Bh6 Bf6 17. Bxf8 Qxf8 18. Nxe4 Qe8 1-0